000 00660nam a2200229Ia 4500
001 9090
003 GE_BSU
008 181216s||||||||xx |||||||||||||| ||und||
040 _cGE_BSU
080 _a821.353.1-32
100 _aლისაშვილი,იაკინთე
245 _aკოლხეთის მზე
245 _bმოთხრობა
245 _cრედ:ს.ჩიქოვანი
260 _aტფილისი.
260 _bფედერაცია
260 _c1938
300 _a110გვ;15სმ
653 _aკოლხეთის მზე.
653 _aმოთხრობა
942 _cBK
999 _c42394
_d42394